| 000 | 00445cam a2200145 4500500 | ||
|---|---|---|---|
| 005 | 20251012023105.0 | ||
| 041 | _afre | ||
| 042 | _adc | ||
| 100 | 1 | 0 |
_aJamme, Claire _eauthor |
| 245 | 0 | 0 | _aLa psychiatrie peut-elle être rentable ? |
| 260 | _c2005. | ||
| 500 | _a66 | ||
| 786 | 0 | _nPsy Cause | º39 | 1 | 2005-01-01 | p. 41-42 | 1245-2394 | |
| 856 | 4 | 1 | _uhttps://shs.cairn.info/revue-psy-cause-2005-1-page-41?lang=fr&redirect-ssocas=7080 |
| 999 |
_c1541185 _d1541185 |
||